<?xml version="1.0" encoding="UTF-8"?><?xml-stylesheet type="text/xsl" href="static/style.xsl"?><OAI-PMH xmlns="http://www.openarchives.org/OAI/2.0/" xmlns:xsi="http://www.w3.org/2001/XMLSchema-instance" xsi:schemaLocation="http://www.openarchives.org/OAI/2.0/ http://www.openarchives.org/OAI/2.0/OAI-PMH.xsd"><responseDate>2026-04-27T20:18:42Z</responseDate><request verb="GetRecord" identifier="oai:uvadoc.uva.es:10324/70108" metadataPrefix="marc">https://uvadoc.uva.es/oai/request</request><GetRecord><record><header><identifier>oai:uvadoc.uva.es:10324/70108</identifier><datestamp>2025-02-05T10:25:21Z</datestamp><setSpec>com_10324_1164</setSpec><setSpec>com_10324_931</setSpec><setSpec>com_10324_894</setSpec><setSpec>col_10324_1331</setSpec></header><metadata><record xmlns="http://www.loc.gov/MARC21/slim" xmlns:doc="http://www.lyncode.com/xoai" xmlns:xsi="http://www.w3.org/2001/XMLSchema-instance" xmlns:dcterms="http://purl.org/dc/terms/" xsi:schemaLocation="http://www.loc.gov/MARC21/slim http://www.loc.gov/standards/marcxml/schema/MARC21slim.xsd">
<leader>00925njm 22002777a 4500</leader>
<datafield tag="042" ind1=" " ind2=" ">
<subfield code="a">dc</subfield>
</datafield>
<datafield tag="720" ind1=" " ind2=" ">
<subfield code="a">Vicente Torrico, David</subfield>
<subfield code="e">author</subfield>
</datafield>
<datafield tag="720" ind1=" " ind2=" ">
<subfield code="a">Díez Garrido, María</subfield>
<subfield code="e">author</subfield>
</datafield>
<datafield tag="260" ind1=" " ind2=" ">
<subfield code="c">2024</subfield>
</datafield>
<datafield tag="520" ind1=" " ind2=" ">
<subfield code="a">The democratisation of information on the Internet has not only allowed users to interact and share information, but has also had some negative consequences, such as the proliferation of misinformation on social networks. Radical right-wing movements, which have experienced growth in the last decade, have contributed to this situation by promoting the spread of erroneous ideas and conspiracies on matters of general interest, such as the climate crisis (Hultman et al., 2019; Vowles &amp; Hultman, 2021). The main objective of this research is to study whether the Spanish far-right party VOX promotes disinformation about the climate crisis. Thus, we aim to verify if their discourse on Twitter contributes to discouraging the adoption of policies against the climate crisis and analyse the interpretative frames they rely on (anti-scientific, economic, political, or alternative). For this research, we collected messages posted between September 2022 and March 2023 (six months) by VOX on three Twitter accounts: the party, the national leader (Santiago Abascal), and the leader of the Autonomous Community of Madrid (Rocío Monasterio). An intentional search was conducted among over 6,000 tweets from these three accounts to identify messages related to the climate crisis, environmentalism, and sustainability. Finally, we obtained a sample of 95 messages, which underwent a content analysis to study the presence of obstructionism. This research has revealed that VOX's discourse on the climate crisis on Twitter prioritises economic and political obstructionist elements by interpreting the issue in national terms and as a popular sacrifice against the elites.</subfield>
</datafield>
<datafield tag="024" ind2=" " ind1="8">
<subfield code="a">Echeverría, M., García Santamaría, S., &amp; Hallin, D.C. (Eds.). (2024). State-Sponsored Disinformation Around the Globe: How Politicians Deceive their Citizens (1st ed.). Routledge. https://doi.org/10.4324/9781032632940</subfield>
</datafield>
<datafield tag="024" ind2=" " ind1="8">
<subfield code="a">9781032632940</subfield>
</datafield>
<datafield tag="024" ind2=" " ind1="8">
<subfield code="a">https://uvadoc.uva.es/handle/10324/70108</subfield>
</datafield>
<datafield tag="024" ind2=" " ind1="8">
<subfield code="a">105</subfield>
</datafield>
<datafield tag="024" ind2=" " ind1="8">
<subfield code="a">120</subfield>
</datafield>
<datafield tag="024" ind2=" " ind1="8">
<subfield code="a">State-Sponsored Disinformation Around the Globe</subfield>
</datafield>
<datafield tag="245" ind1="0" ind2="0">
<subfield code="a">Spanish far-right and environmental disinformation. VOX's obstructionist discourse on the climate crisis on Twitter</subfield>
</datafield>
</record></metadata></record></GetRecord></OAI-PMH>